Introduction to stochastic differential equations / (Record no. 30186)

000 -LEADER
fixed length control field 00490 a2200169 4500
003 - CONTROL NUMBER IDENTIFIER
control field NUST
005 - DATE AND TIME OF LATEST TRANSACTION
control field 20180118120113.0
008 - FIXED-LENGTH DATA ELEMENTS--GENERAL INFORMATION
fixed length control field 180118b xxu||||| |||| 00| 0 eng d
020 ## - INTERNATIONAL STANDARD BOOK NUMBER
International Standard Book Number 082477776X
020 ## - INTERNATIONAL STANDARD BOOK NUMBER
International Standard Book Number 9780824777760
082 ## - DEWEY DECIMAL CLASSIFICATION NUMBER
Classification number 519.2
100 1# - MAIN ENTRY--PERSONAL NAME
Personal name Gard, Thomas C.
9 (RLIN) 8667
245 10 - TITLE STATEMENT
Title Introduction to stochastic differential equations /
Statement of responsibility, etc. Thomas C. Gard.
260 ## - PUBLICATION, DISTRIBUTION, ETC.
Place of publication, distribution, etc. [S.l.] :
Name of publisher, distributor, etc. Marcel Dekker Inc,
Date of publication, distribution, etc. 1988.
300 ## - PHYSICAL DESCRIPTION
Extent 234 p. ;
Dimensions 23 cm.
490 1# - SERIES STATEMENT
Series statement Pure and applied mathematics.
830 #0 - SERIES ADDED ENTRY--UNIFORM TITLE
Uniform title Pure and applied mathematics.
9 (RLIN) 8668
942 ## - ADDED ENTRY ELEMENTS (KOHA)
Institution code [OBSOLETE] SNS
Koha item type Book
Call number prefix 519.2 GAR
Source of classification or shelving scheme
Holdings
Withdrawn status Lost status Damaged status Not for loan Permanent Location Current Location Date acquired Total Checkouts Full call number Barcode Date last seen Price effective from Koha item type
        School of Natural Sciences (SNS) School of Natural Sciences (SNS) 05/26/2016   519.2 GAR SNS0001818 05/26/2016 05/26/2016 Book
© 2023 Central Library, National University of Sciences and Technology. All Rights Reserved.